Normas de Información Financiera, NIF, 2006 : incluye boletines y circulares de la Comisión de Principios de Contabilidad del IMCP : el texto completo de Normas de Información Financiera considera la normatividad que se encuentra en vigor al 1º de enero de 2006 /
El Consejo Mexicano para la Investigación y Desarrollo de Normas de Información Financiera es un organismo independiente integrado por entidades del sector público y privado, que a partir del 1 de junio de 2004 tiene como función emitir las normas contables en México, que con anterioridad se publica...
Salvato in:
| Ente Autore: | |
|---|---|
| Natura: | Libro |
| Lingua: | spagnolo |
| Pubblicazione: |
México :
Consejo Mexicano para la Investigación y Desarrollo de Normas de Información Financiera : Instituto Mexicano de Contadores Públicos,
2005, c2005
|
| Soggetti: | |
| Tags: |
Nessun Tag, puoi essere il primo ad aggiungerne!!
|
MARC
| LEADER | 00000nam^a2200000^a^4500 | ||
|---|---|---|---|
| 001 | 000184433 | ||
| 005 | 20250521000000.0 | ||
| 009 | 20260310102115.903 | ||
| 020 | |a 970-665-225-6 | ||
| 037 | |a Acervo ITESO - Biblioteca | ||
| 041 | |a ESP | ||
| 082 | |a 657. 0218 |b NOR MEX 2006 | ||
| 110 | |a Consejo Mexicano para la Investigación y Desarrollo de Normas de Información Financiera | ||
| 240 | 1 | 1 | |a [Normas de información financiera NIF] |
| 245 | 1 | 0 | |a Normas de Información Financiera, NIF, 2006 : |b incluye boletines y circulares de la Comisión de Principios de Contabilidad del IMCP : el texto completo de Normas de Información Financiera considera la normatividad que se encuentra en vigor al 1º de enero de 2006 / |c Pról. de Felipe Pérez Cervantes... [et al.]. |
| 264 | 4 | |a México : |b Consejo Mexicano para la Investigación y Desarrollo de Normas de Información Financiera : |b Instituto Mexicano de Contadores Públicos, |c 2005, c2005 | |
| 300 | |a 1 v. (varias paginaciones) | ||
| 336 | |a texto |b txt |2 rdacontenido | ||
| 337 | |a sin mediación |b n |2 rdamedio | ||
| 338 | |a volumen |b nc |2 rdasoporte | ||
| 520 | |a El Consejo Mexicano para la Investigación y Desarrollo de Normas de Información Financiera es un organismo independiente integrado por entidades del sector público y privado, que a partir del 1 de junio de 2004 tiene como función emitir las normas contables en México, que con anterioridad se publicaban bajo el nombre de Principios de Contabilidad Generalmente Aceptados. La presente publicación contiene las normas y criterios contables vigentes al 1 de enero de 2006. | ||
| 649 | |a XX | ||
| 650 | |a Información Financiera - |z México - |x Tema Principal | ||
| 650 | |a Normalización y Certificación - |z México - |x Tema Principal | ||
| 650 | |a Contabilidad Financiera - |z México | ||
| 650 | |a Finanzas - |z México | ||
| 650 | |a Contabilidad - |z México | ||
| 650 | |a Ciencias Administrativas | ||
| 910 | |a Fondo General | ||
| 920 | |a Impresos - Libros | ||
| 930 | |a Colección General | ||
| 905 | |a 101 | ||
| 901 | |a 0500125393 |b IT1 |c ACC |u 20250521 | ||
| 902 | |a https://opac.biblio.iteso.mx/vufind/Record/000184433 | ||